Microstructure Evolution of Ti-Based and Cr Cathodes During Arc Discharging and Its Impact on Coating Growth.

Bibliographic Details
Main Author: Zhu, Jianqiang.
Format: eBook
Language:English
Published: Linköping : Linkopings Universitet, 2013.
Edition:1st ed.
Series:Linköping Studies in Science and Technology. Dissertations Series
Subjects:
Online Access:Click to View
LEADER 02170nam a22003853i 4500
001 EBC3328024
003 MiAaPQ
005 20240729202201.0
006 m o d |
007 cr cnu||||||||
008 240729s2013 xx o ||||0 eng d
020 |a 9789175195391  |q (electronic bk.) 
035 |a (MiAaPQ)EBC3328024 
035 |a (Au-PeEL)EBL3328024 
035 |a (CaPaEBR)ebr10761105 
035 |a (OCoLC)935056388 
040 |a MiAaPQ  |b eng  |e rda  |e pn  |c MiAaPQ  |d MiAaPQ 
100 1 |a Zhu, Jianqiang. 
245 1 0 |a Microstructure Evolution of Ti-Based and Cr Cathodes During Arc Discharging and Its Impact on Coating Growth. 
250 |a 1st ed. 
264 1 |a Linköping :  |b Linkopings Universitet,  |c 2013. 
264 4 |c {copy}2013. 
300 |a 1 online resource (76 pages) 
336 |a text  |b txt  |2 rdacontent 
337 |a computer  |b c  |2 rdamedia 
338 |a online resource  |b cr  |2 rdacarrier 
490 1 |a Linköping Studies in Science and Technology. Dissertations Series ;  |v v.1537 
505 0 |a Intro -- Abstract -- Popularvetenskaplig Sammanfattning -- Preface -- Papers and Author's Contributions -- Acknowledgements -- Contents -- List of Symbols and Abbreviations -- Introduction -- Hard Coating Synthesis -- Material Systems -- Characterization Techniques -- Cathode Metallurgy -- Microstructure Evolution of Cathodes and the Deposited Coatings -- Summary of the Appended Papers -- Contribution to the Field -- References. 
588 |a Description based on publisher supplied metadata and other sources. 
590 |a Electronic reproduction. Ann Arbor, Michigan : ProQuest Ebook Central, 2024. Available via World Wide Web. Access may be limited to ProQuest Ebook Central affiliated libraries.  
655 4 |a Electronic books. 
776 0 8 |i Print version:  |a Zhu, Jianqiang  |t Microstructure Evolution of Ti-Based and Cr Cathodes During Arc Discharging and Its Impact on Coating Growth  |d Linköping : Linkopings Universitet,c2013 
797 2 |a ProQuest (Firm) 
830 0 |a Linköping Studies in Science and Technology. Dissertations Series 
856 4 0 |u https://ebookcentral.proquest.com/lib/matrademy/detail.action?docID=3328024  |z Click to View